விவரணப் பத்திரம்- மறைக்கப்பட்ட உண்மை : (Record no. 4826)
[ view plain ]
| 000 -LEADER | |
|---|---|
| fixed length control field | 00842nam a2200133 4500 |
| 008 - FIXED-LENGTH DATA ELEMENTS--GENERAL INFORMATION | |
| fixed length control field | 240228b |||||||| |||| 00| 0 eng d |
| 082 ## - DEWEY DECIMAL CLASSIFICATION NUMBER | |
| Classification number | 305.42 |
| Item number | VIV |
| 942 ## - ADDED ENTRY ELEMENTS (KOHA) | |
| Item Type | Reports |
| 245 ## - TITLE STATEMENT | |
| Title | விவரணப் பத்திரம்- மறைக்கப்பட்ட உண்மை : |
| Sub Title | புத்தளம் மற்றும் மட்டக்களப்பில் உள்ள காசி நீதிமன்றங்களில் முஸ்லிம் பெண்களுக்கு பாரபட்சங்கள் |
| 246 ## - VARYING FORM OF TITLE | |
| Title | Vivaraṇap pattiram- Maṟaikkappaṭṭa uṇmai: |
| Sub Title | Puttaḷam maṟṟum maṭṭakkaḷappil uḷḷa kazi nītimaṉṟaṅkaḷil muslim peṇkaḷukku pārapaṭcaṅkaḷ |
| 260 ## - PUBLICATION, DISTRIBUTION, ETC. (IMPRINT) | |
| Place of Publication | Colombo : |
| Name of Publisher | Fokus women, |
| Date of Copyright | 2016 |
| 300 ## - PHYSICAL DESCRIPTION | |
| Extent | 46 p. |
| 650 ## - SUBJECT ADDED ENTRY--TOPICAL TERM | |
| Topical Term | DISCRIMINATION AGAINST WOMEN |
| Withdrawn status | Lost status | Source of classification or shelving scheme | Damaged status | Not for loan | Permanent location | Current location | Date acquired | Total Checkouts | Full call number | Barcode | Date last seen | Price effective from | Koha item type |
|---|---|---|---|---|---|---|---|---|---|---|---|---|---|
| Dewey Decimal Classification | Resource center, Muslim Women's Research And Action Forum | Resource center, Muslim Women's Research And Action Forum | 2024-02-28 | 305.42 VIV | RAF5123 | 2024-02-28 | 2024-02-28 | Reports |

